Geological sketch of the province of Cadiz (Record no. 158416)

MARC details
000 -LEADER
campo de control de longitud fija 00693nam a2200169 i 4500
001 - NÚMERO DE CONTROL
campo de control 158416
003 - IDENTIFICADOR DE NÚMERO DE CONTROL
campo de control ES-MaACL
005 - FECHA Y HORA DE LA ÚLTIMA TRANSACCIÓN
campo de control 20230906211136.0
008 - DATOS DE LONGITUD FIJA--INFORMACIÓN GENERAL
campo de control de longitud fija 041027s1873 sp abf |||| | eng d
040 ## - FUENTE DE CATALOGACIÓN
Centro catalogador/agencia de origen CAM
Lengua de catalogación spa
Centro/agencia transcriptor CAM
100 1# - ENTRADA PRINCIPAL--NOMBRE DE PERSONA
Nombre de persona Mac-Pherson, J. (
Fechas asociadas al nombre 1839-1902)
9 (RLIN) 75045
245 10 - MENCIÓN DEL TÍTULO
Título Geological sketch of the province of Cadiz
Resto del título : abstract of a similar work written by the author in Spanish /
Mención de responsabilidad, etc. by J. Mc.Pherson.
260 ## - PUBLICACIÓN, DISTRIBUCIÓN, ETC.
Lugar de publicación, distribución, etc. Cádiz :
Nombre del editor, distribuidor, etc. [s.n.],
Fecha de publicación, distribución, etc. 1873 (
Fabricante printed by Federico Joly, Revista Médica)
300 ## - DESCRIPCIÓN FÍSICA
Extensión 59 p., [4] h. lám. pleg., [1] h. plan. pleg., [1] h. de map. pleg. ;
Dimensiones 23 cm.
650 #4 - PUNTO DE ACCESO ADICIONAL DE MATERIA--TÉRMINO DE MATERIA
Término de materia o nombre geográfico como elemento de entrada Geología-
Subdivisión geográfica Cádiz (Provincia)
9 (RLIN) 167123
852 ## - LOCALIZACIÓN
Ubicación ES-MaACL
Número de control de estantería 1656-F-2
Nota libre -- Rúst.
Holdings
Estatus retirado Estado de pérdida Estado de daño No para préstamo Colección Biblioteca de origen Biblioteca actual Ubicación en estantería Fecha de adquisición Fuente de adquisición Total de préstamos Signatura topográfica completa Código de barras Visto por última vez Precio de reemplazo Tipo de ítem Koha
        Colección de folletos Biblioteca del Ateneo de Madrid Biblioteca del Ateneo de Madrid Depósito folletos 17/01/2008     1656-F-2 1165802 23/02/2023 23/02/2023 Folleto